Роль режимных наблюдений при гидрогеохимических поисках; Известия Томского политехнического института [Известия ТПИ]; Т. 120
| Parent link: | Известия Томского политехнического института [Известия ТПИ]/ Томский политехнический институт (ТПИ).— , 1944-1976 Т. 120.— 1962.— [С. 114-118] |
|---|---|
| المؤلف الرئيسي: | |
| مؤلفون آخرون: | |
| الملخص: | Заглавие с титульного листа Электронная версия печатной публикации |
| اللغة: | الروسية |
| منشور في: |
1962
|
| الموضوعات: | |
| الوصول للمادة أونلاين: | Черно-белая версия для предварительного просмотра Цветная версия без потери качества |
| التنسيق: | الكتروني فصل الكتاب |
| KOHA link: | https://koha.lib.tpu.ru/cgi-bin/koha/opac-detail.pl?biblionumber=203005 |
MARC
| LEADER | 00000nla2a2200000 4500 | ||
|---|---|---|---|
| 001 | 203005 | ||
| 005 | 20231031185450.0 | ||
| 035 | |a (RuTPU)RU\TPU\book\221213 | ||
| 035 | |a RU\TPU\book\221203 | ||
| 090 | |a 203005 | ||
| 100 | |a 20111025d1962 k y0rusy50 ca | ||
| 101 | 0 | |a rus | |
| 102 | |a RU | ||
| 135 | |a drnn ---uucaa | ||
| 181 | 0 | |a i | |
| 182 | 0 | |a b | |
| 200 | 1 | |a Роль режимных наблюдений при гидрогеохимических поисках |b Электронный ресурс |f П. А. Удодов, И. П. Онуфриенок | |
| 203 | |a Текст |c электронный | ||
| 215 | |a 2 файла (301 Кб, 6 Мб) | ||
| 230 | |a Электронные текстовые данные (2 файла : 301 Кб, 6 Мб) | ||
| 300 | |a Заглавие с титульного листа | ||
| 300 | |a Электронная версия печатной публикации | ||
| 320 | |a [Библиогр.: с. 118 (9 назв.)] | ||
| 337 | |a Adobe Reader | ||
| 461 | 1 | |0 (RuTPU)RU\TPU\book\200995 |t Известия Томского политехнического института [Известия ТПИ] |f Томский политехнический институт (ТПИ) |d 1944-1976 | |
| 463 | 1 | |0 (RuTPU)RU\TPU\book\221183 |t Т. 120 |v [С. 114-118] |d 1962 |p 198 с. | |
| 610 | 1 | |a электронный ресурс | |
| 610 | 1 | |a труды учёных ТПУ | |
| 700 | 1 | |a Удодов |b П. А. |c российский ученый |c геохимик |c профессор Томского политехнического института |f 1903-1981 |g Павел Афанасьевич |2 stltpush |3 (RuTPU)RU\TPU\pers\9241 | |
| 701 | 1 | |a Онуфриенок |b И. П. | |
| 801 | 1 | |a RU |b 63413507 |c 20090320 |g PSBO | |
| 801 | 2 | |a RU |b 63413507 |c 20111214 |g PSBO | |
| 856 | 4 | |u http://www.lib.tpu.ru/fulltext/v/Bulletin_TPU/1962/v120/17_bw.pdf |z Черно-белая версия для предварительного просмотра | |
| 856 | 4 | |u http://www.lib.tpu.ru/fulltext/v/Bulletin_TPU/1962/v120/17_full.pdf |z Цветная версия без потери качества | |
| 942 | |c CF | ||